000 00310nam a2200109Ia 4500
008 190216s9999||||xx |||||||||||||| ||und||
100 _aDhingra. I.C
245 0 _aSelf Assessment And Objective Type Practical Excersises In Microeconomics
260 _bSulthan Chand&Sons
_c1987
300 _a108p
942 _cREF
999 _c36624
_d36624